000 00541nas a2200229Ia 4500
001 dg84-38106
003 IT-MiCISF
005 20230326115518.0
008 161014c99999999xx |||||||||||| ||und||
040 _aIT-MiCISF
_cIT-MiCISF
041 _aITALIANO
100 _aChiaro Mario
_959782
245 0 _aCaro assassino
250 _a"Settimana", n. 25, 29 giugno
260 _c2003
300 _ap. 13
500 _amorte, coppia, famiglia
650 _aMorte
_959783
654 _aarticolo
942 _cCR
_2ddc
999 _c219717
_d219717
999 _bSi